000 01082nam0a22002771 4500
001 rc\3949950
005 20250611033906.0
021 _aRU
_b[55-18611]
035 _a(NLR Aleph) 008043860
090 _a8898546
_c8898546
100 _a20130415d1955 |||y0rusy50 ca
101 0 _arus
102 _aRU
105 _ay z |||||
200 1 _aКукуруза - ценная кормовая культура
_fУпр. с.-х. пропаганды и науки Арзамасского обл. упр. сельского хозяйства
210 _aАрзамас
_cБ. и.
_d1955
215 _a24 с.
_d20
300 _aПеред загл. авт.: С. Шаин, д-р с.-х. наук, М. Смирнов, канд. с.-х. наук
606 _aКукуруза
_xВозделывание
_2psbo
700 1 _aШаин
_bС.С.
_f1903-1963
_gСоломон Самуилович
701 1 _aСмирнов
_bМ.Н.
_gМихаил Николаевич
801 0 _aRU
_bNLR
_gpsbo
801 1 _aRU
_bELAR
_2rusmarc
852 _aNLR
_jС50 Г-4/4485
942 _cBOOK
980 _aNB